Score 0/22 Timer 14:00
0 Plays Today
% Correct
Experience, zero.
93%
I don't know what sort of cream they've put on you down at the morgue, but... I want some.
92.6%
This diabolical varnish; the color is completely wrong!
90.6%
It's an institution.
90.3%
Although I must say, I am an exceptional teacher.
89.6%
Well, I've never been accused of that before, but I appreciate the sentiment.
88.2%
Actually, we should sell it.
87.8%
Actually I think we might be going in there right now after all!
87.5%
How do you do?
87%
Yet without question, without fail, always and invariably, she's exceedingly lovely.
86.2%
Take extra-special care of every little bitty bit of it as if I were watching over you like a hawk with a horse-whip in its talons, because I am.
85.7%
% Correct
And bring a bottle of the Pouilly-Jouvet '26, in an ice bucket, with two glasses, so we don't have to drink the cat piss they serve on the dining car.
85.5%
The old woman's distant relations had come foraging out of the woodwork.
84.7%
I'm going to stop you there because the alarm has sounded, but remember where we left off, because I insist you finish later!
83.9%
Zero, confused.
83.2%
When you're young, it's all filet steak, but as the years go by, you have to move on to the cheap cuts.
82.7%
Along with whatever we haven't already spent on **** and whiskey.
82.2%
So keep your mouth shut, Zero.
80.9%
The rest of this sh*t is worthless junk.
80.5%
The most dreadful and unattractive person only needs to be loved, and they will open up like a flower.
79.3%
They'll be dancing like gypsies.
77.7%
She needs me, and I need you, to help me with my bags and so on.
77.3%
Remove Ads.
Support Sporcle.
Get the best of Sporcle when you Go Orange. This ad-free experience offers more features, more stats, and more fun while also helping to support Sporcle. Thank you for becoming a member.

You're not logged in!

Compare scores with friends on all Sporcle quizzes.
OR
Log In

Show Comments

Extras

Top Quizzes Today


Score Distribution

Your Account Isn't Verified!

In order to create a playlist on Sporcle, you need to verify the email address you used during registration. Go to your Sporcle Settings to finish the process.

Report this User

Report this user for behavior that violates our Community Guidelines.

Details: